Experimentálne metódy II

Salvato in:
Dettagli Bibliografici
Autore principale: Mazák, Miloš (Autore)
Natura: Libro
Pubblicazione: bratislava : STU v Bratislave, 1987
Tags: Aggiungi Tag
Nessun Tag, puoi essere il primo ad aggiungerne!!

MARC

LEADER 00000nam a22000003a 4500
001 stu83459
005 20150617225634.3
008 040128s1987----xo----------------------d
020 |a 17-51 
040 |a STU  |b slo 
041 0
044 |a xo 
080 |a 621.001.4 
100 1 |a Mazák, Miloš  |4 aut 
245 1 |a Experimentálne metódy II 
260 |a bratislava :  |b STU v Bratislave,  |c 1987 
300 |a 189 s 
996 |b 284J017126  |c J*2075-9  |l JJSK  |s A  |a 24  |w stu83459_0001 
996 |b 284J017128  |c J*2075-12  |l JJSK  |s A  |a 24  |w stu83459_0002 
996 |b 284J017122  |c J*2075-2  |l JJSK  |s A  |a 24  |w stu83459_0003 
996 |b 284J017124  |c J*2075-6  |l JJSK  |s A  |a 24  |w stu83459_0004 
996 |b 284J017125  |c J*2075-8  |l JJSK  |s A  |a 24  |w stu83459_0005 
996 |b 284J017127  |c J*2075-11  |l JJSK  |s A  |a 24  |w stu83459_0006